000 00622nam a2200181Ia 4500
008 090123s9999 xx 000 0 und d
082 _b21042
100 _aकोलारकर शरद
245 _aसुवर्णाच्या प्रदेशात
250 _a1
260 _bरश्मी बुक एजंसी
_c1992
300 _a150
600 _aकोलारकर शरद
630 _aसुवर्णाच्या प्रदेशात
700 _aकोलारकर शरद
730 _aसुवर्णाच्या प्रदेशात
942 _cBOOK
999 _c59113
_d59113